000
00319 a2200109 4500
001
ART_11712
005
20260410161859.0
008
260409a
245
1
0
_a
Nonlinear prices and welfare
100
1
_a
Spence, Michael
773
0
_t
Journal of public economics
_g
- Vol. 8, NÂș 1 (ago. 1977)
_w
REV11485
999
_c
25763
_d
25763